Proč zvyšovat důveryhodnost reportingu?

Definícia dôverihodného reportingu a "Pravidlo 3S" (česky - správnost, srozumitelnost, souvislosti). Tradičné metódy a pravidlá dôveryhodnosti reportingu. Spoľahlivosť a spracovanie informácií. Ekonomicky merateľné prínosy pre poisťovne.

Salvato in:
Dettagli Bibliografici
Autore principale: Lhotská, Kateřina
Natura: Capitolo di libro
Lingua:ceco
Soggetti:
Tags: Aggiungi Tag
Nessun Tag, puoi essere il primo ad aggiungerne!!

MARC

LEADER 00000naa a2200000 4500
001 0134713
005 20231129094411.7
041 0 |a cze 
044 |a CZ 
245 1 0 |a Proč zvyšovat důveryhodnost reportingu?  |c Kateřina Lhotská 
520 |a Definícia dôverihodného reportingu a "Pravidlo 3S" (česky - správnost, srozumitelnost, souvislosti). Tradičné metódy a pravidlá dôveryhodnosti reportingu. Spoľahlivosť a spracovanie informácií. Ekonomicky merateľné prínosy pre poisťovne. 
610 2 0 |a Česko 
610 2 0 |a poisťovníctvo 
610 2 0 |a poisťovne 
610 2 0 |a poistenie 
610 2 0 |a poistné 
610 2 0 |a rezervy technické 
610 2 0 |a riziko poistné 
610 2 0 |a trh poistný 
610 2 0 |a reporting 
610 2 0 |a informácie ekonomické 
610 2 0 |a audit 
100 1 |a Lhotská, Kateřina